Welcome to CU Library Online Public Access Catalogue (OPAC)

THE RELIGIOUS ITINERARY OF A GHANAIAN PEOPLE; (Record no. 6631)

MARC details
000 -LEADER
fixed length control field 00384nam a2200145 4500
005 - DATE AND TIME OF LATEST TRANSACTION
control field 20250623124601.0
008 - FIXED-LENGTH DATA ELEMENTS--GENERAL INFORMATION
fixed length control field 5
020 ## - INTERNATIONAL STANDARD BOOK NUMBER
International Standard Book Number 363131440X
050 ## - LIBRARY OF CONGRESS CALL NUMBER
Classification number BR1367
Item number .K3 HOW
100 ## - MAIN ENTRY--PERSONAL NAME
Personal name HOWELL M. ALLISON
245 ## - TITLE STATEMENT
Title THE RELIGIOUS ITINERARY OF A GHANAIAN PEOPLE;
Remainder of title THE KASENA AND THE CHRISTIAN GOSPEL
260 ## - PUBLICATION, DISTRIBUTION, ETC.
Place of publication, distribution, etc. NEW YORK
Name of publisher, distributor, etc. PETER LANG
Date of publication, distribution, etc. c1997
300 ## - PHYSICAL DESCRIPTION
Extent xx, 413p
942 ## - ADDED ENTRY ELEMENTS (KOHA)
Source of classification or shelving scheme Library of Congress Classification
Koha item type Books
Suppress in OPAC No
999 ## -
-- 6631
-- 6631
Holdings
Withdrawn status Lost status Source of classification or shelving scheme Damaged status Not for loan Collection Home library Current library Shelving location Date acquired Total checkouts Full call number Barcode Date last seen Copy number Price effective from Koha item type
    Library of Congress Classification     Non-fiction Undergraduate Library (Christ Temple) Undergraduate Library (Christ Temple) General stacks 06/23/2025   BR1367.K3 HOW ulct00003477 06/23/2025 1 06/23/2025 Books
© 2023-2024 Copyright: Central University Libraries. All Rights Reserved | Created by: Mahone Tech Office